<?xml version="1.0" encoding="UTF-8"?>
<record
    xmlns:xsi="http://www.w3.org/2001/XMLSchema-instance"
    xsi:schemaLocation="http://www.loc.gov/MARC21/slim http://www.loc.gov/standards/marcxml/schema/MARC21slim.xsd"
    xmlns="http://www.loc.gov/MARC21/slim">

  <leader>01266nam a22002297a 4500</leader>
  <controlfield tag="008">110824t        xxu||||| |||| 00| 0 ara d</controlfield>
  <datafield tag="082" ind1=" " ind2=" ">
    <subfield code="2">22</subfield>
    <subfield code="b">&#x628; &#x631; &#x627;</subfield>
    <subfield code="a">338.09</subfield>
  </datafield>
  <datafield tag="100" ind1="1" ind2=" ">
    <subfield code="9">26873</subfield>
    <subfield code="a">&#x628;&#x631;&#x627;&#x64A;&#x633;&#x60C; &#x645;&#x648;&#x631;&#x627;&#x64A; &#x62F;.</subfield>
  </datafield>
  <datafield tag="245" ind1=" " ind2=" ">
    <subfield code="a">&#x627;&#x644;&#x62A;&#x646;&#x645;&#x64A;&#x629; &#x627;&#x644;&#x635;&#x646;&#x627;&#x639;&#x64A;&#x629; /</subfield>
    <subfield code="c">&#x645;&#x648;&#x631;&#x627;&#x649; &#x62F;. &#x628;&#x631;&#x627;&#x64A;&#x633;&#x61B; &#x62A;&#x631;&#x62C;&#x645;&#x629; &#x623;&#x62D;&#x645;&#x62F; &#x633;&#x639;&#x64A;&#x62F; &#x62F;&#x648;&#x64A;&#x62F;&#x627;&#x631;&#x60C; &#x627;&#x628;&#x631;&#x627;&#x647;&#x64A;&#x645; &#x644;&#x637;&#x641;&#x649; &#x639;&#x645;&#x631;&#x61B; &#x645;&#x631;&#x627;&#x62C;&#x639;&#x629; &#x648;&#x62A;&#x642;&#x62F;&#x64A;&#x645; &#x623;&#x62D;&#x645;&#x62F; &#x633;&#x639;&#x64A;&#x62F; &#x62F;&#x648;&#x64A;&#x62F;&#x627;&#x631; </subfield>
  </datafield>
  <datafield tag="260" ind1=" " ind2=" ">
    <subfield code="a">&#x627;&#x644;&#x642;&#x627;&#x647;&#x631;&#x629; :</subfield>
    <subfield code="b">&#x645;&#x643;&#x62A;&#x628;&#x629; &#x627;&#x644;&#x623;&#x646;&#x62C;&#x644;&#x648; &#x627;&#x644;&#x645;&#x635;&#x631;&#x64A;&#x629; &#x60C;</subfield>
    <subfield code="c">1970.</subfield>
  </datafield>
  <datafield tag="260" ind1=" " ind2=" ">
    <subfield code="a">&#x627;&#x644;&#x642;&#x627;&#x647;&#x631;&#x629; :</subfield>
    <subfield code="b">&#x645;&#x624;&#x633;&#x633;&#x629; &#x641;&#x631;&#x627;&#x646;&#x643;&#x644;&#x64A;&#x646; &#x644;&#x644;&#x637;&#x628;&#x627;&#x639;&#x629; &#x648;&#x627;&#x644;&#x646;&#x634;&#x631; &#x60C;</subfield>
    <subfield code="c">1970.</subfield>
  </datafield>
  <datafield tag="300" ind1=" " ind2=" ">
    <subfield code="a">395 &#x635;:</subfield>
    <subfield code="c">24 &#x633;&#x645;.</subfield>
  </datafield>
  <datafield tag="500" ind1=" " ind2=" ">
    <subfield code="a">&#x62A;&#x631;&#x62C;&#x645;&#x629; &#x644;&#x643;&#x62A;&#x627;&#x628; "Industrial development by Murray D. Bryce"</subfield>
  </datafield>
  <datafield tag="650" ind1="0" ind2=" ">
    <subfield code="9">15281</subfield>
    <subfield code="a">&#x627;&#x644;&#x635;&#x646;&#x627;&#x639;&#x627;&#x62A;</subfield>
  </datafield>
  <datafield tag="650" ind1="0" ind2=" ">
    <subfield code="9">27226</subfield>
    <subfield code="a">&#x627;&#x644;&#x62A;&#x646;&#x645;&#x64A;&#x629; &#x627;&#x644;&#x635;&#x646;&#x627;&#x639;&#x64A;&#x629;</subfield>
  </datafield>
  <datafield tag="650" ind1="0" ind2=" ">
    <subfield code="9">27227</subfield>
    <subfield code="a">&#x627;&#x644;&#x645;&#x634;&#x631;&#x648;&#x639;&#x627;&#x62A;</subfield>
  </datafield>
  <datafield tag="700" ind1="1" ind2=" ">
    <subfield code="9">26874</subfield>
    <subfield code="a">&#x62F;&#x648;&#x64A;&#x62F;&#x627;&#x631;&#x60C; &#x623;&#x62D;&#x645;&#x62F; &#x633;&#x639;&#x64A;&#x62F;</subfield>
    <subfield code="e">&#x645;&#x631;&#x627;&#x62C;&#x639;&#x629; &#x648;&#x62A;&#x642;&#x62F;&#x64A;&#x645;</subfield>
  </datafield>
  <datafield tag="700" ind1="1" ind2=" ">
    <subfield code="9">26874</subfield>
    <subfield code="a">&#x62F;&#x648;&#x64A;&#x62F;&#x627;&#x631;&#x60C; &#x623;&#x62D;&#x645;&#x62F; &#x633;&#x639;&#x64A;&#x62F;</subfield>
    <subfield code="e">&#x645;&#x62A;&#x631;&#x62C;&#x645;</subfield>
  </datafield>
  <datafield tag="700" ind1="1" ind2=" ">
    <subfield code="9">26875</subfield>
    <subfield code="a">&#x639;&#x645;&#x631;&#x60C; &#x627;&#x628;&#x631;&#x627;&#x647;&#x64A;&#x645; &#x644;&#x637;&#x641;&#x649;</subfield>
    <subfield code="e">&#x645;&#x62A;&#x631;&#x62C;&#x645;</subfield>
  </datafield>
  <datafield tag="942" ind1=" " ind2=" ">
    <subfield code="2">ddc</subfield>
    <subfield code="c">BB</subfield>
  </datafield>
  <datafield tag="999" ind1=" " ind2=" ">
    <subfield code="c">15906</subfield>
    <subfield code="d">15906</subfield>
  </datafield>
  <datafield tag="952" ind1=" " ind2=" ">
    <subfield code="0">0</subfield>
    <subfield code="1">0</subfield>
    <subfield code="2">ddc</subfield>
    <subfield code="4">0</subfield>
    <subfield code="7">0</subfield>
    <subfield code="8">Alef-Baa</subfield>
    <subfield code="a">MAIN</subfield>
    <subfield code="b">MAIN</subfield>
    <subfield code="c">1ST</subfield>
    <subfield code="d">2011-08-24</subfield>
    <subfield code="e">purchase</subfield>
    <subfield code="o">338.09 &#x628; &#x631; &#x627;</subfield>
    <subfield code="p">000024097</subfield>
    <subfield code="r">2025-07-15 00:00:00</subfield>
    <subfield code="y">BB</subfield>
  </datafield>
</record>
